LIBRARY & INFORMATION CENTRE, KCAET, TAVANUR

ONLINE PUBLIC ACCESS CATALOGUE (OPAC)

Red pepper burns / (Record no. 5181)

MARC details
000 -LEADER
fixed length control field 00450cam a2200169ua 4500
041 ## - LANGUAGE CODE
Language code of text/sound track or separate title eng
082 ## - DEWEY DECIMAL CLASSIFICATION NUMBER
Classification number 823.308
Item number RIC/RE
100 ## - MAIN ENTRY--AUTHOR NAME
Personal name Richmond, Grace S .
245 ## - TITLE STATEMENT
Title Red pepper burns /
260 ## - PUBLICATION, DISTRIBUTION, ETC. (IMPRINT)
Place of publication London :
Name of publisher University of London Press Ltd ,
Year of publication 1951.
300 ## - PHYSICAL DESCRIPTION
Number of Pages 192 ; .
490 0# - SERIES STATEMENT
Series statement The Pilot Books,
Volume number/sequential designation
942 ## - ADDED ENTRY ELEMENTS (KOHA)
Koha item type Books
Holdings
Withdrawn status Lost status Damaged status Home library Current library Date acquired Full call number Accession Number Koha item type
Withdrawn     KAUAET Sanskrit University 07/04/2012 823.308 10112 Books
free website counter